000 01634nam a2200325 i 4500
003 DO-SdBNP
005 20250519085814.0
007 ta
008 250516b2024 dr ||||| |||| 00| 0 spa d
020 _a9789945223477
040 _aDO-SdBNP
_bspa
_cBNPHU
_erda
041 _aspa
082 4 _a324.7
_bR311p
_222
245 1 3 _aRecopilación de temas políticos-electorales I. (Cursos intensivo) :
_bpresidencialismo vs. parlamentarismo en América Latina /
_cexpositor Mario Fernández Baeza ; prólogo Persio Maldonado Sánchez
250 _aPrimera edición
264 1 _aSanto Domingo :
_bFundación Friedrich Ebert,
_c2024
300 _a80 páginas :
_bilustraciones ;
_c22 cm.
336 _ardacontent
_btexto
_2txt
337 _ardamedia
_bsin mediación
_2n
338 _ardacarrier
_bvolumen
_2nc
505 _aPrologo 11 -- Resumen curricular 21 -- Contenido y objetivos generales del curso 23 -- Los regímenes de gobierno democráticos. Las formas presidenciales y parlamentarias en un marco comparativo teórico y empírico 29 -- Orígenes fundamentos y evolución del presidencialismo Latinoamericano 39 -- Las características institucionales del presidencialismo Latinoamericano 47 -- El presidencialismo Latinoamericano en su contexto político y socio-económico 63 -- Programa preliminar 75 -- Anexos 77
590 _aInventariado, 2025/DG
650 4 _aSistemas electorales
_zAmérica Latina
_987784
650 4 _aGobierno parlamentario
_96411
650 4 _aDemocracia
_9286
650 4 _aAutoritarismo
_987802
700 _aMaldonado Sánchez, Persio
_epróloguista
_987478
910 _aDG
942 _2ddc
_cLBS1
999 _c59041
_d59041